000 01541nam a2200421 i 4500
001 14577
003 KOSZ 005
005 20191026121808.0
008 080117s1971 pl a f f 000 0 pol
015 _aPB 1971/6270
035 _a991039311779705066
035 _a(PL-WaBN)b20516903-48omnis_nlop
035 _ab20516903
035 _a(OCoLC)812761069
035 _a(PL)b0000002051690
035 _a(EXLNZ-48OMNIS_NETWORK)9910508464705606
040 _aWA N
_cWA N
_dKOSZ 005/KK
046 _k1971
080 _a631.1
080 _a331.87
100 1 _aManteuffel-Szoege, Ryszard
_d(1903-1991).
_eAutor
245 1 0 _aEkonomika i organizacja pracy wykonawczej w rolnictwie :
_bpodręcznik dla studentów wydziałów ekonomiczno-rolniczych wyższych szkół rolniczych /
_cRyszard Manteuffel.
260 _aWarszawa :
_bPaństwowe Wydawnictwo Rolnicze i Leśne,
_c1971.
300 _a374, [2] strony :
_bilustracje ;
_c23 cm.
336 _2rdacontent
_aTekst
_btxt
337 _2rdamedia
_aBez urządzenia pośredniczącego
_bn
338 _2rdacarrier
_aWolumin
_bnc
380 _aKsiążki
388 _a1901-2000
650 7 _aRolnictwo
_xpraca
_xekonomika.
_2DBN
650 7 _aRolnictwo
_xpraca
_xorganizacja.
_2DBN
655 7 _aPodręczniki akademickie
_2DBN
658 _aRolnictwo i leśnictwo
658 _aGospodarka, ekonomia, finanse
856 _uhttp://koha.tu.koszalin.pl/cgi-bin/koha/opac-detail.pl?biblionumber=14577
_yKatalog online BPK
942 _2UKD
_cKS
999 _c14577
_d14577